000 00394nam a22001457a 4500
020 _a9788176223089
082 _a631.45.
_bMUK/RE
100 _aMukund Narayan
_91011
100 _aSatyendra Kumar
_91012
100 _aNilesh Biwalkar
_91013
245 _aA Reference Manual of Soil and Water Conservation Engineering
260 _aNew Delhi
_bBiotech Books
_c2014
300 _a179
942 _cBK
999 _c14587
_d14587